| 000 | 00564nam a2200193 i 4500 | ||
|---|---|---|---|
| 001 | 93151 | ||
| 003 | ES-MaACL | ||
| 005 | 20230906181132.0 | ||
| 007 | t| | ||
| 008 | 050408s1902 fr a ||||1| fre d | ||
| 080 | _a821.133.1-31"18" | ||
| 100 | 1 |
_aLombard, Jean. _973181 |
|
| 245 | 1 | 0 |
_aByzance / _cJean Lombard; préface de Paul Margueritte; illustrations de A. Leroux. |
| 260 |
_aParis : _bOllendorff, _c1902. |
||
| 300 |
_aVIII, 403 p. : _bil. ; _c17 cm. |
||
| 700 | 1 |
_aMargueritte, Paul. _976635 |
|
| 700 | 1 |
_aLeroux, A. _971814 |
|
| 852 |
_aES-MaACL _jC-972 |
||
| 999 |
_c93151 _d93151 |
||